|
|
|
|
| LEADER |
00000nam a2200000Ii 4500 |
| 001 |
DIGUCAUCA0010 |
| 003 |
NyNyDIG |
| 008 |
191129s2018 ck ab ob 001 0 spa d |
| 006 |
m o d |
| 007 |
cr ||||||||||| |
| 035 |
|
|
|a (OCoLC)1120708573
|
| 040 |
|
|
|a DGITA
|b eng
|e rda
|e pn
|c DGITA
|
| 020 |
|
|
|z 9789587323290
|
| 020 |
|
|
|z 9587323297
|
| 043 |
|
|
|a s-ck---
|
| 050 |
1 |
4 |
|a F2281.C3 ebook
|
| 082 |
0 |
4 |
|a 986.153
|
| 100 |
1 |
|
|a Campo Palacios, Daniel,
|e author.
|
| 245 |
1 |
0 |
|a Territorios, control y diferencia étnica :
|b comunidades negras e indígenas frente al despojo en el norte del Cauca /
|c Daniel Campo Palacios.
|
| 246 |
3 |
0 |
|a Comunidades negras e indígenas frente al despojo en el norte del Cauca
|
| 264 |
|
1 |
|a Popayán, Colombia :
|b Editorial Universidad del Cauca,
|c [2018]
|
| 300 |
|
|
|a 1 online resource :
|b color illustrations, maps (chiefly color)
|
| 336 |
|
|
|a text
|b txt
|2 rdacontent
|
| 337 |
|
|
|a computer
|b c
|2 rdamedia
|
| 338 |
|
|
|a online resource
|b cr
|2 rdacarrier
|
| 347 |
|
|
|a text file
|2 rdaft
|
| 347 |
|
|
|b PDF
|
| 504 |
|
|
|a Includes bibliographical references and index.
|
| 505 |
0 |
|
|a Historias de poblamiento : comunidades indígenas y negras -- El juego de la diferencia : territorio, lugar e identidad -- Control territorial y minería.
|
| 588 |
0 |
|
|a Online resource; title from PDF title page (Digitalia, viewed December 2, 2019)
|
| 651 |
|
0 |
|a Cauca (Colombia : Department)
|x Boundaries.
|
| 650 |
|
0 |
|a Ethnic conflict
|z Colombia
|z Cauca (Department)
|
| 650 |
|
0 |
|a Blacks
|z Colombia
|z Cauca (Department)
|
| 650 |
|
0 |
|a Indigenous peoples
|z Colombia
|z Cauca (Department)
|
| 655 |
|
0 |
|a Electronic books.
|
| 791 |
2 |
|
|a Digitalia (Firm),
|e distributor.
|
| 793 |
0 |
|
|g Digitalia eBook Collection:
|a Editorial Universidad del Cauca
|
| 776 |
0 |
8 |
|i Print version:
|a Campo Palacios, Daniel.
|t Territorios, control y diferencia étnica.
|b Primera edición.
|d Popayán, Colombia : Editorial Universidad del Cauca, 2018
|z 9789587323290
|w (OCoLC)1121630844
|
| 856 |
4 |
0 |
|3 Digitalia Hispánica
|u https://www.digitaliapublishing.com/a/60626/
|
| 910 |
|
|
|a Premium collection: 2020
|